000 00535nam a22001817a 4500
005 20251108164145.0
008 250721s9999 xx 000 0 ara d
082 1 4 _a909.0491597/حمد
100 1 _aحمدي، وليد
245 1 0 _aالكرد و كردستان في الوثائق البريطانية :
_bدراسة تاريخية وثايقية /
264 _c[19-].
300 _a445ص
650 1 7 _aالأقليات
650 1 7 _aالأكراد
650 1 7 _aتاريخ العراق
942 _2ddc
_cBK
999 _c5064
_d5064